[Event "23rd World Seniors 2013"]
[Site "Opatija CRO"]
[Date "2013.11.14"]
[Round "3.47"]
[White "Brinck Claussen,B"]
[Black "Doubleday,W"]
[Result "1-0"]
[WhiteElo "2248"]
[BlackElo "2037"]

1.d4 d5 2.c4 c6 3.Nf3 Nf6 4.Nc3 e6 5.e3 Nbd7 6.Bd3 dxc4 7.Bxc4 b5 8.Be2 Bb7
9.O-O a6 10.e4 h6 11.e5 Nd5 12.Nxd5 cxd5 13.Ne1 Nb6 14.Nd3 Bc8 15.Nf4 Bd7
16.Nh5 a5 17.Bd3 Qe7 18.Qg4 O-O-O 19.Bd2 a4 20.b3 f5 21.Qe2 Qe8 22.Rfc1+ Kb7
23.bxa4 Nc4 24.axb5 Nxd2 25.Qxd2 Qxh5 26.Qa5 Rc8 27.Qa6+ Kb8 28.b6  1-0

[Event "Chennai GM Open 2013"]
[Site "Chennai IND"]
[Date "2013.11.15"]
[Round "1.6"]
[White "Visakh,NR"]
[Black "Sethuraman,S"]
[Result "1-0"]
[WhiteElo "2273"]
[BlackElo "2553"]

1.d4 d5 2.c4 c6 3.Nc3 e6 4.Nf3 Nf6 5.e3 Nbd7 6.Bd3 dxc4 7.Bxc4 b5 8.Bd3 a6
9.O-O Bb7 10.e4 c5 11.e5 cxd4 12.Nxb5 Ng4 13.Nbxd4 Bc5 14.Qa4 Qb6 15.h3 Nxf2
16.Rxf2 Bxf3 17.Rxf3 Bxd4+ 18.Kh1 Ra7 19.Bd2 Rc7 20.Be4 Ra7 21.Rb3  1-0

[Event "23rd World Seniors 2013"]
[Site "Opatija CRO"]
[Date "2013.11.15"]
[Round "4.30"]
[White "Ashby,Ant"]
[Black "Sorensen,B"]
[Result "1/2-1/2"]
[WhiteElo "2121"]
[BlackElo "2247"]

1.c4 e6 2.Nc3 d5 3.d4 c6 4.e3 Nf6 5.Nf3 Nbd7 6.Bd3 Bd6 7.O-O O-O 8.e4 dxc4
9.Bxc4 e5 10.d5 Nb6 11.Bd3 cxd5 12.exd5 h6 13.Bc2 Re8 14.Re1 Bc7 15.d6 Qxd6
16.Qxd6 Bxd6 17.Nb5 Bb8 18.Be3 Nc4 19.Bc1 Bd7 20.Nc3 Bc7 21.Bd3 Nb6 22.Bb5 Rad8
23.Be3 a6 24.Bxb6 Bxb6 25.Bxd7 Rxd7 26.Rad1 Rxd1 27.Rxd1 e4 28.Nd4 e3 29.fxe3 Rxe3
30.Kf1 Re8 31.h3 Ne4 32.Nxe4 Rxe4 33.Nf3 Bc5 34.Rd7 b6 35.b3 Re3 36.Rd2 g6
37.Rc2 Kg7 38.Nd2 g5 39.Rc4 Re6 40.Re4 Rxe4 41.Nxe4 f5 42.Ng3 Kf6 43.Ke2 f4
44.Ne4+ Kf5 45.Nd2 h5 46.Kd3 g4 47.hxg4+ Kxg4 48.Ke2 Be3 49.Ne4 h4 50.Kf1 f3
51.Nf6+ Kf5 52.Nd5 fxg2+ 53.Kxg2 Ke4 54.Nc7 a5  1/2-1/2

[Event "Chennai GM Open 2013"]
[Site "Chennai IND"]
[Date "2013.11.16"]
[Round "2.2"]
[White "Vidit,S"]
[Black "Baghdasaryan,V"]
[Result "1-0"]
[WhiteElo "2582"]
[BlackElo "2393"]

1.d4 d5 2.c4 c6 3.Nc3 Nf6 4.e3 e6 5.Nf3 Nbd7 6.Qc2 Bd6 7.Bd3 O-O 8.O-O dxc4
9.Bxc4 a6 10.Rd1 b5 11.Bd3 Qc7 12.Bd2 c5 13.Ne4 c4 14.Nxd6 Qxd6 15.Be2 Bb7
16.b3 Rfc8 17.bxc4 bxc4 18.Rac1 Rab8 19.Qa4 Bd5 20.Ba5 Rb2 21.Rd2 Bc6 22.Qxc4 Rb5
23.Ne5 Nb8 24.Qa4 Rb1 25.Qd1 Rxc1 26.Qxc1 Bb7 27.Qb2 Qd5 28.Bf3 Ne4 29.Rd1 f6
30.Nd3 g5 31.Nc5  1-0

[Event "23rd World Seniors 2013"]
[Site "Opatija CRO"]
[Date "2013.11.16"]
[Round "5.66"]
[White "Cao,Jo"]
[Black "Sasu Ducsoara,Ad"]
[Result "1/2-1/2"]
[WhiteElo "1990"]
[BlackElo "2176"]

1.d4 d5 2.c4 e6 3.Nc3 c6 4.e3 Nf6 5.Nf3 Nbd7 6.Bd3 Be7 7.O-O dxc4 8.Bxc4 b5
9.Bd3 a6 10.Qe2 Bb7 11.e4 b4 12.Na4 Qa5 13.b3 Qh5 14.Re1 c5 15.dxc5 Nxc5
16.Nxc5 Bxc5 17.Bb2 O-O 18.Rac1 Rfc8  1/2-1/2

[Event "4NCL 2013-14"]
[Site "Hinckley ENG"]
[Date "2013.11.17"]
[Round "2.118"]
[White "Flear,C"]
[Black "Maduekwe,C"]
[Result "1-0"]
[WhiteElo "2173"]
[BlackElo "2131"]

1.d4 d5 2.c4 c6 3.Nc3 Nf6 4.e3 e6 5.Nf3 Nbd7 6.Qc2 Bd6 7.b3 O-O 8.Be2 b6
9.O-O Bb7 10.Bb2 c5 11.cxd5 Nxd5 12.dxc5 Nxc5 13.Rad1 Rc8 14.Nb5 Na4 15.Qb1 Nac3
16.Bxc3 Nxc3 17.Nxc3 Rxc3 18.Rd4 Qc7 19.Bc4 Bxf3 20.gxf3 Bxh2+ 21.Kg2 Be5
22.Rd2 Rd8 23.Rfd1 Rxd2 24.Rxd2 g6 25.Qd1 Bf6 26.Rd7 Qb8 27.Rxf7 Rxc4 28.Rxf6 Rh4
29.Qd7 Rh2+ 30.Kg1 Rxf2 31.Qxe6+ Kh8 32.Kxf2  1-0

[Event "76th ch-CRC 2013"]
[Site "San Jose CRC"]
[Date "2013.11.17"]
[Round "3.1"]
[White "Jimenez Garcia,Emmanuel"]
[Black "Murillo,Alex"]
[Result "0-1"]
[WhiteElo "2064"]
[BlackElo "2290"]

1.d4 d5 2.c4 e6 3.Nf3 Nf6 4.Nc3 c6 5.e3 Nbd7 6.Bd3 dxc4 7.Bxc4 b5 8.Bd3 Bb7
9.a3 a6 10.O-O c5 11.Qe2 Qb6 12.Rd1 Be7 13.Bd2 O-O 14.Ng5 h6 15.Nge4 c4 16.Bc2 a5
17.Nxf6+ Nxf6 18.e4 b4 19.e5 Qc6 20.f3 Nd5 21.Nxd5 exd5 22.f4 Qb6 23.Be3 f5
24.Qh5 g6 25.Qxh6 b3 26.Bb1 Rf7 27.Qh3 Rh7 28.Qf3 Kf7 29.h3 Rc8 30.Bf2 a4
31.Be1 Rch8 32.Bc3 Qc6 33.Re1 Bc8 34.Re3 Be6 35.Qf1 Ke8 36.Rf3 Qd7 37.Qf2 Bd8
38.Qf1 Bb6 39.Qd1 Qa7 40.Qd2 Rh4 41.Rf1 Kd7 42.Rf3 Ra8 43.Kh2 Rah8 44.Rg3 R4h6
45.Rf3 Kc6 46.Rg3 Ra8 47.Rf3 Qd7 48.Rg3 Kb7 49.Rf3 Qb5 50.Qf2 Bd8 51.Qd2 Be7
52.Rg3 Rg8 53.Rf3 Rh5 54.Qf2 Qd7 55.Bd2 Ka8 56.Kh1 Bh4 57.Qe2 Qh7 58.Be3 Bd8
59.Qd2 Qb7 60.Rg3 Qb5 61.Qe2 Rh4 62.Rf3 Ba5 63.Bf2 Rh7 64.Rg3 Qd7 65.Kh2 Qa7
66.Qd1 Bb6 67.Kh1 Qc7 68.Be1 Qd8 69.Qd2 Rh4 70.Rg5 Rh5 71.Rg3 Qe7 72.Bf2 Kb7
73.Be3 Qf8 74.Qf2 Bd8 75.Qd2 Rh4 76.Rf3 Ka6 77.Qf2 Qh6 78.Bd2 g5 79.fxg5 Bxg5
80.Bxg5 Rxg5 81.Kh2 f4 82.Bd3 cxd3 83.Rc1 Rg3 84.Rxg3 fxg3+ 85.Qxg3 Qxc1
86.Qxh4  0-1

[Event "10th European Teams w"]
[Site "Warsaw POL"]
[Date "2013.11.17"]
[Round "9.10"]
[White "Rakic,Ma"]
[Black "Messina,R"]
[Result "1-0"]
[WhiteElo "2291"]
[BlackElo "2064"]

1.d4 d5 2.c4 c6 3.Nf3 Nf6 4.Nc3 e6 5.e3 Nbd7 6.Qc2 b6 7.b3 Bb7 8.Bb2 Qc7
9.Be2 Rd8 10.O-O Be7 11.h3 O-O 12.Rfd1 Qb8 13.Rac1 h6 14.Bd3 Rfe8 15.Qe2 c5
16.cxd5 cxd4 17.Nxd4 Nxd5 18.Nxd5 Bxd5 19.Bb5 Qa8 20.e4 Bxe4 21.Nc6 Nc5 22.Nxd8 Rxd8
23.Rxd8+ Bxd8 24.b4 a6 25.Qg4 Bg6 26.bxc5 axb5 27.c6 Bc7 28.Qd4 Qf8 29.Qd7 Qb8
30.Rd1 Bc2 31.Rd2 Ba4 32.Ba3 b4 33.Bxb4 Bb5 34.Bd6 Bxd6 35.Rxd6 Qf8 36.Qd8 Ba6
37.c7  1-0

[Event "23rd World Seniors 2013"]
[Site "Opatija CRO"]
[Date "2013.11.18"]
[Round "6.32"]
[White "Hohler,P"]
[Black "Brinck Claussen,B"]
[Result "1/2-1/2"]
[WhiteElo "2171"]
[BlackElo "2248"]

1.d4 d5 2.c4 c6 3.e3 Nf6 4.Nc3 e6 5.Nf3 Nbd7 6.Bd3 dxc4 7.Bxc4 b5 8.Be2 Bb7
9.O-O Be7 10.e4 b4 11.e5 bxc3 12.exf6 Nxf6 13.bxc3 O-O 14.Rb1 Qc7 15.Nd2 c5
16.Rxb7 Qxb7 17.Bf3 Qd7 18.Bxa8 Rxa8 19.Ba3 cxd4 20.Bxe7 Qxe7 21.cxd4 Rb8
22.Nb3 Nd5 23.Qd2 Qa3 24.Rc1 g6 25.Rc5 Kg7 26.g3 h5 27.Qa5 Qxa5 28.Rxa5 Rb7  1/2-1/2

[Event "23rd World Seniors 2013"]
[Site "Opatija CRO"]
[Date "2013.11.18"]
[Round "6.76"]
[White "Koryabkin,V"]
[Black "Bornand,Herbert"]
[Result "1-0"]
[WhiteElo "2057"]
[BlackElo "1966"]

1.d4 e6 2.c4 d5 3.Nc3 Nf6 4.e3 c6 5.Nf3 Bd6 6.Bd3 dxc4 7.Bxc4 b5 8.Bb3 Nbd7
9.O-O Bb7 10.Bc2 a6 11.Qe2 Rc8 12.Bd2 c5 13.dxc5 Rxc5 14.Rac1 O-O 15.a3 Bxf3
16.Qxf3 Rh5 17.h3 Ne5 18.Qe2 Nfg4 19.f4 Nc4 20.Qxg4 Rh4 21.Qe2 Nxd2 22.Qxd2 Bxf4
23.Qf2 Bb8 24.Rfd1 Qg5 25.Ne4 Qe7 26.Rd7 Qxd7 27.Qxh4 f5 28.Nc3 e5 29.Rd1 Qc7
30.e4 f4 31.Qg4 f3 32.Bb3+ Kh8 33.Kh2 Qb6 34.Rd7  1-0

[Event "23rd World Seniors 2013"]
[Site "Opatija CRO"]
[Date "2013.11.18"]
[Round "6.42"]
[White "Kolbak,J"]
[Black "Davydov,M"]
[Result "1-0"]
[WhiteElo "2271"]
[BlackElo "2058"]

1.d4 d5 2.c4 c6 3.Nc3 e6 4.Nf3 Nf6 5.e3 Nbd7 6.Bd3 dxc4 7.Bxc4 b5 8.Bd3 a6
9.O-O c5 10.a4 b4 11.Ne4 Bb7 12.Nxf6+ Nxf6 13.Qe2 Be7 14.Rd1 O-O 15.dxc5 Qc7
16.e4 Bxc5 17.Bg5 Nd7 18.Bh4 e5 19.Nd2 f6 20.Rac1 Qb6 21.Nb3 Rfd8 22.a5 Qa7
23.Bc4+ Kh8 24.Be6 Bd4 25.Nxd4 exd4 26.Rc7 Ne5 27.Bxf6 gxf6 28.Qh5 Rd7 29.Bxd7 Qb8
30.Rxb7 Qxb7 31.Bf5 Rd8 32.f4 Nc4 33.Qh4 Qf7 34.Bxh7 Kg7 35.Rd3 Ne3 36.Bf5 Qc4
37.Qh7+ Kf8 38.Qh6+ Ke7 39.Qg7+ Kd6 40.e5+ Kc6 41.Qxf6+ Kb5 42.Qb6+ Ka4 43.b3+ Qxb3
44.Rxb3 Kxb3 45.Qxd8 Nxf5 46.g4 Kc2 47.Qe8 Kd2 48.gxf5 d3 49.Kf2 b3 50.Qe7 b2
51.Qb4+ Kc2 52.Ke3  1-0

[Event "ch-PAR 2013"]
[Site "Asuncion URU"]
[Date "2013.11.19"]
[Round "2.3"]
[White "Kropff,R"]
[Black "Valiente,C"]
[Result "1/2-1/2"]
[WhiteElo "2215"]
[BlackElo "2225"]

1.d4 e6 2.c4 d5 3.Nc3 c6 4.e3 Nf6 5.Nf3 Nbd7 6.Qc2 Bd6 7.b3 O-O 8.Be2 Qe7
9.O-O e5 10.dxe5 Nxe5 11.cxd5 cxd5 12.Nb5 Nxf3+ 13.Bxf3 Bb8 14.Bb2  1/2-1/2

[Event "Chennai GM Open 2013"]
[Site "Chennai IND"]
[Date "2013.11.20"]
[Round "7.8"]
[White "Kunte,A"]
[Black "Ter Sahakyan,S"]
[Result "1/2-1/2"]
[WhiteElo "2476"]
[BlackElo "2568"]

1.d4 d5 2.c4 c6 3.Nc3 Nf6 4.e3 e6 5.Nf3 Nbd7 6.Qc2 Bd6 7.Bd3 O-O 8.O-O dxc4
9.Bxc4 a6 10.Rd1 b5 11.Be2 Qc7 12.e4 e5 13.h3 Re8 14.dxe5 Nxe5 15.Bg5 Nxf3+
16.Bxf3 Nd7 17.Rac1 Ne5 18.Be2 Be6 19.Nd5 Bxd5 20.exd5 c5 21.b3 Rac8 22.Be3 Qb7
23.a4 c4 24.axb5 axb5 25.Qb2 Qe7 26.bxc4 bxc4 27.Qd4 Bc5 28.Qe4 g6 29.Bxc5 Qxc5
30.Qd4 c3 31.d6 Qxd4 32.Rxd4 Nc6 33.Rc4 Rxe2 34.R4xc3 Rd2 35.Rxc6 Rd8 36.g3 R2xd6
37.Rxd6 Rxd6 38.h4 h5  1/2-1/2

[Event "23rd World Seniors 2013"]
[Site "Opatija CRO"]
[Date "2013.11.20"]
[Round "8.33"]
[White "Hohler,P"]
[Black "Sorensen,B"]
[Result "1/2-1/2"]
[WhiteElo "2171"]
[BlackElo "2247"]

1.d4 d5 2.c4 e6 3.Nc3 c6 4.e3 Nf6 5.Nf3 Nbd7 6.Bd3 Bd6 7.e4 dxe4 8.Nxe4 Nxe4
9.Bxe4 c5 10.O-O O-O 11.dxc5 Bxc5 12.Qe2 Re8 13.Bd2 Qe7 14.Bc3 Nf8 15.Ne5 a5
16.Rac1 Bd6 17.f4 Qc7 18.Kh1 f6 19.Nd3 Bd7 20.b3 Rac8 21.Bb2 Bc6 22.Qf3 Ng6
23.Bxc6 Qxc6 24.Qxc6  1/2-1/2

[Event "23rd World Seniors 2013"]
[Site "Opatija CRO"]
[Date "2013.11.20"]
[Round "8.73"]
[White "Marks,I"]
[Black "Davydov,M"]
[Result "1-0"]
[WhiteElo "1948"]
[BlackElo "2058"]

1.d4 d5 2.c4 c6 3.Nf3 e6 4.e3 Nf6 5.Nc3 Nbd7 6.Bd3 dxc4 7.Bxc4 b5 8.Be2 a6
9.O-O Bb7 10.e4 c5 11.e5 Nd5 12.Bg5 Nxc3 13.bxc3 Be7 14.Bxe7 Qxe7 15.a4 b4
16.cxb4 cxb4 17.a5 O-O 18.Nd2 Bd5 19.Nc4 Bxc4 20.Bxc4 Rfd8 21.Qb3 Nf8 22.Rfd1 Ng6
23.Ra4 Rdb8 24.Rb1 Qd7 25.d5 Nxe5 26.dxe6 Qe7 27.Bd5 Ra7 28.exf7+ Nxf7 29.Rxb4 Qxb4
30.Qxb4 Rxb4 31.Rxb4 Kf8 32.Rb7 Rxb7 33.Bxb7 Nd8 34.Bxa6 Nc6 35.Bd3 Nxa5
36.Bxh7 Nc6 37.f4 Ne7 38.Be4 Kf7 39.Kf2 Kf6 40.g4 Ke6 41.h4 Ng8 42.g5 Ne7
43.Kg3 Kf7 44.f5 Kg8 45.Kf4 Kh8 46.Ke5 Kg8 47.f6 gxf6+ 48.Kxf6 Kf8 49.h5 Ng8+
50.Kg6 Ne7+ 51.Kh7 Kf7 52.g6+ Kf8 53.Bc2  1-0

[Event "29th Voivoda Cup"]
[Site "Legnica POL"]
[Date "2013.11.21"]
[Round "1"]
[White "Malaniuk,V"]
[Black "Dastan,B"]
[Result "1-0"]
[WhiteElo "2543"]
[BlackElo "2410"]

1.d4 d5 2.c4 c6 3.Nf3 Nf6 4.Nc3 e6 5.e3 Nbd7 6.Bd3 dxc4 7.Bxc4 b5 8.Bd3 Bb7
9.e4 b4 10.Na4 c5 11.e5 Nd5 12.O-O cxd4 13.Nxd4 Nxe5 14.Bb5+ Nd7 15.Re1 Rc8
16.b3 a6 17.Bxa6 Bxa6 18.Nxe6 fxe6 19.Qh5+ g6 20.Qxd5 Nc5 21.Qe5 Nxa4 22.bxa4 Bb7
23.Bb2 Qd5 24.Qxe6+ Qxe6 25.Rxe6+ Kd7 26.Rb6 Kc7 27.a5 Bd6 28.Bxh8  1-0

[Event "23rd World Seniors 2013"]
[Site "Opatija CRO"]
[Date "2013.11.21"]
[Round "9.76"]
[White "Belistri,U"]
[Black "Belokopyt,B"]
[Result "0-1"]
[WhiteElo "2016"]
[BlackElo "1942"]

1.d4 d5 2.c4 e6 3.Nc3 c6 4.Nf3 Nf6 5.e3 Be7 6.Bd3 O-O 7.O-O dxc4 8.Bxc4 b5
9.Bd3 b4 10.Na4 Ba6 11.Ne5 Bxd3 12.Qxd3 Nfd7 13.Nc4 Nb6 14.Naxb6 axb6 15.b3 Nd7
16.Bb2 b5 17.Nd2 Nf6 18.Rfc1 Qd7 19.Ne4 Ra6 20.Nc5 Bxc5 21.Rxc5 Rfa8 22.Rac1 Rxa2
23.Qb1 R2a6 24.Qc2 h6 25.f3 Nd5 26.e4 Ne7 27.Qd2 Ra2 28.R1c2 Qd6 29.Qxb4 Rxb2
30.Rxb2 Ra1+  0-1

[Event "ch-VIE w 2013"]
[Site "Ho Chi Minh City VIE"]
[Date "2013.11.22"]
[Round "6.6"]
[White "Nguyen,Thi Thuy Trien"]
[Black "Tran Le Dan Thuy"]
[Result "1/2-1/2"]
[WhiteElo "1938"]
[BlackElo "1983"]

1.d4 d5 2.c4 c6 3.Nc3 Nf6 4.Nf3 e6 5.e3 Nbd7 6.Be2 dxc4 7.Bxc4 b5 8.Bd3 Bb7
9.O-O a6 10.b3 c5 11.Bb2 Qb6 12.Rc1 Be7 13.Bb1 O-O 14.dxc5 Nxc5 15.b4 Nce4
16.Nxe4 Nxe4 17.Ne5 Qd6 18.Qg4 f5 19.Qe2 Qxb4 20.Rc7 Bd5 21.a3 Qd2 22.Qxd2 Nxd2
23.Rxe7 Nxf1 24.Kxf1 Rfe8 25.Rxe8+ Rxe8 26.f3 Rb8 27.Bc3 Rc8 28.Bd2 Kf8 29.Nd7+ Ke7
30.Nb6 Bc4+ 31.Nxc4 Rxc4 32.Bd3 Rc7 33.Ke2 Kd7 34.Bb1 Kc6 35.Ba5 Rd7 36.e4 g6
37.e5 Rd4 38.Bc2 Rh4 39.Bb3 Kd7 40.h3 g5 41.Bd2 g4 42.hxg4 fxg4 43.Be3 Rh5
44.f4 Rh1 45.Bc2 h5 46.Bd4 h4 47.f5 h3 48.fxe6+ Kxe6 49.Bb3+ Ke7 50.Bc5+ Ke8
51.gxh3 Rxh3 52.Bd5 Rh5 53.Bd6 Kd7 54.Kf2 Rh6 55.Bb4 Rh3 56.e6+ Kc7 57.Bf8 Rc3
58.e7 Kd7 59.Be4 g3+ 60.Kg2 Re3 61.Bf5+ Ke8 62.Bg6+ Kd7 63.Bf5+ Ke8 64.Bg6+ Kd7
65.e8=Q+ Rxe8 66.Bxe8+ Kxe8 67.Bb4 Kd7 68.Kxg3 Kc6 69.Kf3 Kd5 70.Ke3 Kc4
71.Ke4 Kb3 72.Kd4 a5 73.Bxa5 Kxa3 74.Ke4  1/2-1/2

[Event "23rd World Seniors 2013"]
[Site "Opatija CRO"]
[Date "2013.11.22"]
[Round "10.63"]
[White "Wilson,F  Leon"]
[Black "Milosevic,Bozidar"]
[Result "1-0"]
[WhiteElo "1591"]
[BlackElo "1734"]

1.d4 Nf6 2.c4 e6 3.Nc3 c6 4.Nf3 d5 5.e3 Bb4 6.Bd2 O-O 7.Bd3 Bd6 8.c5 Bc7
9.Qc2 g6 10.h4 Kg7 11.O-O-O Rh8 12.Rdg1 h5 13.Ne5 Bxe5 14.dxe5 Ng4 15.f4 Nf2
16.Rh2 Nxd3+ 17.Qxd3 b6 18.g4 Nd7 19.Qe2 Bb7 20.gxh5 Nf8 21.hxg6 fxg6 22.h5 Qe8
23.Qd3 a5 24.Ne2 Ba6 25.Qc2 Bxe2 26.f5 Bxh5 27.f6+ Kf7 28.Rxh5 Rxh5 29.cxb6 Qd8
30.Qc5 Nd7 31.Qc2 Nxe5 32.Bc3  1-0

[Event "76th ch-CRC 2013"]
[Site "San Jose CRC"]
[Date "2013.11.22"]
[Round "8.5"]
[White "Jimenez Garcia,Emmanuel"]
[Black "Alfaro Rojas,A"]
[Result "1-0"]
[WhiteElo "2064"]
[BlackElo "2270"]

1.d4 d5 2.c4 c6 3.Nf3 Nf6 4.Nc3 e6 5.e3 Nbd7 6.Qc2 Bd6 7.b3 O-O 8.Bb2 Re8
9.Be2 b6 10.O-O Bb7 11.a4 a6 12.Ba3 Bxa3 13.Rxa3 c5 14.a5 Rc8 15.axb6 cxd4
16.exd4 dxc4 17.bxc4 Bxf3 18.Bxf3 Nxb6 19.c5 Nbd5 20.Nxd5 Nxd5 21.Qc4 Nc7
22.Bb7 Rb8 23.Bxa6 e5 24.dxe5 Rxe5 25.c6 Nxa6 26.Rxa6 Re7 27.h3 Rc7 28.Rc1 Rbc8
29.Qa4 h6 30.Ra7 Qd2 31.Rc4 Qe1+ 32.Kh2 Qxf2 33.Rxc7 Rxc7 34.Qa8+ Kh7 35.Qb8 Qe2
36.Qxc7 Qxc4 37.Qd6 h5 38.c7 g6 39.Kg3 Qc3+ 40.Kf4 Qc4+ 41.Ke5 Qc3+ 42.Kd5 Qd2+
43.Kc6 Qxg2+ 44.Qd5 Qc2+ 45.Kd7 Qa4+ 46.Kd8 Qh4+ 47.Ke8 Qxh3 48.Qxf7+ Kh6
49.Qf8+ Kh7 50.Qe7+ Kh6 51.Kd8  1-0

[Event "4th Brno Open 2013"]
[Site "Brno CZE"]
[Date "2013.11.23"]
[Round "9.28"]
[White "Hruby,Va"]
[Black "Romanek,Zdenek"]
[Result "0-1"]
[WhiteElo "1746"]
[BlackElo "1675"]

1.c4 Nf6 2.Nc3 e6 3.Nf3 d5 4.d4 c6 5.e3 Be7 6.b3 O-O 7.Bd3 Re8 8.Bb2 Nbd7
9.O-O b6 10.Ne5 Bb7 11.f4 c5 12.cxd5 exd5 13.Bf5 Bf8 14.Rf3 g6 15.Bd3 Qe7
16.dxc5 bxc5 17.Rh3 a6 18.Nxd7 Qxd7 19.Na4 Qc6 20.Bxf6 Qxf6 21.Rc1 Rac8 22.g4 d4
23.g5 Qc6 24.e4 Rxe4 25.Bxe4 Qxe4 26.Rg3 Qh1+ 27.Kf2 Qxh2+  0-1

[Event "Bundesliga 2013-14"]
[Site "Solingen GER"]
[Date "2013.11.23"]
[Round "3"]
[White "Hoffmann,Micha1"]
[Black "Balogh,C"]
[Result "1/2-1/2"]
[WhiteElo "2462"]
[BlackElo "2632"]

1.d4 d5 2.c4 c6 3.Nc3 Nf6 4.e3 e6 5.Nf3 Nbd7 6.Bd3 dxc4 7.Bxc4 b5 8.Bd3 b4
9.Ne4 Nxe4 10.Bxe4 Bb7 11.Qa4 Qb6 12.Nd2 Rc8 13.a3 c5 14.dxc5 Bxc5 15.O-O bxa3
16.Bxb7 Qxb7 17.b3 Rc6 18.Qg4 O-O 19.Bxa3 Ne5 20.Qe4 Bxa3 21.Rxa3 Qc7 22.h3 f5
23.Qf4 Rd8 24.Nc4 Nxc4 25.Qxc7 Rxc7 26.bxc4 Kf7 27.Rfa1 Rdd7 28.g3 g5 29.Kg2 h5
30.R1a2 Kf6 31.Ra6 h4 32.gxh4 gxh4 33.Kf3 Rxc4 34.Rxa7 Rxa7 35.Rxa7  1/2-1/2

[Event "TCh-SWE Elitserien 2013-14"]
[Site "Sweden SWE"]
[Date "2013.11.23"]
[Round "2.4"]
[White "Sammalvuo,T"]
[Black "Tukhaev,A"]
[Result "0-1"]
[WhiteElo "2467"]
[BlackElo "2530"]

1.Nf3 d5 2.d4 c6 3.c4 e6 4.e3 Nf6 5.Nc3 Nbd7 6.Bd3 dxc4 7.Bxc4 b5 8.Bd3 Bb7
9.a3 Bd6 10.b4 a5 11.Rb1 axb4 12.axb4 Nd5 13.Nxd5 exd5 14.O-O O-O 15.e4 dxe4
16.Bxe4 h6 17.Bc2 Re8 18.Qd3 Nf6 19.Bb2 Bc8 20.d5 cxd5 21.Nd4 Bd7 22.Rfe1 Qc7
23.Nf5 Bxh2+ 24.Kh1 Ne4 25.Qf3 Bxf5 26.Qxf5 Qxc2 27.Kxh2 Qxf2 28.Qxd5 Qh4+
29.Kg1 Rad8 30.Qxb5 Re6 31.Rbd1 Qf2+ 32.Kh2 Rd2 33.Rxd2 Qh4+  0-1

[Event "ch-VIE w 2013"]
[Site "Ho Chi Minh City VIE"]
[Date "2013.11.25"]
[Round "9.2"]
[White "Nguyen Thi Thanh An"]
[Black "Nguyen,Thi Thu Huyen"]
[Result "1-0"]
[WhiteElo "2219"]
[BlackElo "2046"]

1.d4 d5 2.c4 c6 3.Nc3 Nf6 4.e3 e6 5.Nf3 Bd6 6.Bd3 Nbd7 7.e4 dxe4 8.Nxe4 Nxe4
9.Bxe4 Bb4+ 10.Bd2 Bxd2+ 11.Qxd2 Nf6 12.Bc2 Qc7 13.O-O O-O 14.Qe3 b6 15.Ne5 c5
16.Rad1 Bb7 17.Rd2 Rad8 18.Rfd1 cxd4 19.Rxd4 Rxd4 20.Qxd4 Rc8 21.h3 h6 22.b3 b5
23.Qxa7 bxc4 24.bxc4 Qxe5 25.Qxb7 Qc5 26.Bb3 g6 27.Qf3 Qe5 28.Qd3 Nh5 29.Qd4 Qg5
30.Qg4 Qe5 31.g3 Nf6 32.Qd4 Qf5 33.Re1 Nh7 34.Qg4 Qa5 35.Rxe6 Qa8 36.Re3 Ng5
37.h4 Nh7 38.c5 Qc6 39.Re7 Rf8 40.Qe4 Qf6 41.c6 Kg7 42.c7 Qc3 43.Qc4  1-0

[Event "XXVII Belgrade Trophy"]
[Site "Obrenovac SRB"]
[Date "2013.11.25"]
[Round "2.1"]
[White "Atalik,S"]
[Black "Stavnjak,L"]
[Result "1-0"]
[WhiteElo "2572"]
[BlackElo "2257"]

1.d4 d5 2.c4 c6 3.Nc3 Nf6 4.e3 e6 5.Nf3 Nbd7 6.Qc2 Bd6 7.b3 O-O 8.Bb2 b6
9.Bd3 Bb7 10.O-O Rc8 11.Rac1 Re8 12.Rfe1 c5 13.cxd5 exd5 14.Qb1 Ne4 15.Rc2 Qe7
16.Qc1 Nxc3 17.Bxc3 c4 18.Bf5 g6 19.Bh3 f5 20.Qb2 Nf6 21.b4 Ne4 22.Rb1 Rc7
23.g3 Bc8 24.Bg2 Bd7 25.Ne5 Bxe5 26.dxe5 Nxc3 27.Qxc3 Qxe5 28.Rd1 Bc6 29.Rd4 Rd7
30.h4 Qe6 31.Rcd2 Red8 32.Bf3 b5 33.Kg2 Rd6 34.Qa3 Qd7 35.Qc1 Qc7 36.Qc3 Bb7
37.Rd1 Bc6 38.Qd2 Bb7 39.h5 c3 40.Qd3 a5 41.bxa5 Qxa5 42.hxg6 hxg6 43.Rh1 Qc7
44.Rdh4 Qg7 45.Qxb5 Ba8 46.Qc5 Qe5 47.Qa5 Rc8 48.Rd4 g5 49.Rc1 g4 50.Be2 Rdc6
51.Bd3 Rc5 52.Qb6 Kg7 53.Bc2 Qf6 54.Qb1 Rf8 55.Rcd1 Rc4 56.Bb3 Rxd4 57.Rxd4 Rh8
58.Qc2 Qh6 59.Kf1 Qh1+ 60.Ke2 Qf3+ 61.Kd3 Rc8 62.Rf4 Qg2 63.Kd4 Rf8 64.Qxc3 Qf1
65.Qc7+ Kg8 66.Ke5 Qa1+ 67.Rd4 Qh1 68.Qe7 Qh8+ 69.Kf4 Rf7 70.Qe8+ Kg7 71.Qxh8+ Kxh8
72.Bxd5 Bxd5 73.Rxd5  1-0

[Event "XXVII Belgrade Trophy"]
[Site "Obrenovac SRB"]
[Date "2013.11.25"]
[Round "2.15"]
[White "Demir,G"]
[Black "Kanmazalp,O"]
[Result "1/2-1/2"]
[WhiteElo "2194"]
[BlackElo "2414"]

1.d4 d5 2.c4 e6 3.Nc3 c6 4.e3 Nf6 5.Nf3 Nbd7 6.Qc2 Bd6 7.b3 O-O 8.Bb2 b6
9.Bd3 Bb7 10.O-O Rc8 11.Rad1 c5 12.cxd5 exd5 13.dxc5 Bxc5 14.Qb1 Qe7 15.Nb5 a6
16.Nbd4 g6 17.Rc1 Ne4 18.Rc2 Bd6 19.Rfc1 Ndc5 20.Bf1 a5 21.Ba1 f6 22.a3 Nd7
23.Rxc8 Rxc8 24.Rxc8+ Bxc8 25.Nc6 Qf7 26.b4 axb4 27.axb4 Nf8 28.Qd3 Kg7 29.Be2 Qd7
30.b5 Ne6 31.g3 Bc5 32.Ncd4 Qa7 33.Nxe6+ Bxe6 34.Qb1 Qa3 35.Bb2 Qa4 36.Nd4 Bd7
37.Qa1 Qxa1+ 38.Bxa1 Nd6 39.Bf3 Nxb5 40.Nxb5 Bxb5 41.Bxd5 Bd3 42.g4 g5 43.Kg2 b5
44.Kg3 Bc2 45.Bb2 b4 46.h4 h6 47.hxg5 hxg5 48.Bc4 Kg6 49.Be6 Bd1 50.Bc4 Bb6
51.Bd5 Bc2 52.Be6 Ba7 53.Bc4 Bc5 54.Be6 b3 55.Bc4 Bd1 56.Be6 Bb6 57.Bd5 Bc2
58.Be6 Bc5 59.Bc4 f5 60.gxf5+ Kxf5 61.Bd5 g4 62.f3 Bd6+ 63.Kg2 g3 64.Bc4 Kg5
65.f4+ Kh4 66.Bf6+ Kg4  1/2-1/2

[Event "Pushchino Autumn 2013"]
[Site "Pushchino RUS"]
[Date "2013.11.25"]
[Round "2.1"]
[White "Schepetkova,M"]
[Black "Romanko,M"]
[Result "1/2-1/2"]
[WhiteElo "2252"]
[BlackElo "2399"]

1.d4 d5 2.c4 c6 3.Nc3 Nf6 4.e3 e6 5.Nf3 Nbd7 6.Bd3 dxc4 7.Bxc4 b5 8.Bd3 b4
9.Ne4 Nxe4 10.Bxe4 Bb7 11.Qa4 Qb6 12.Nd2 Rc8 13.Nc4 Qa6 14.Qxa6 Bxa6 15.Bd3 c5
16.Nd6+ Bxd6 17.Bxa6 Rc7 18.Bd2 cxd4 19.exd4 Nb6 20.Ke2 Ke7 21.Rac1 Nd5 22.g3 Rb8
23.Kd3 Rd7 24.Rc8 Rb6 25.Bc4 Nf6 26.Re1 Rd8 27.Rxd8 Kxd8 28.Bg5 Be7 29.Bxf6 Bxf6
30.Ke4 Kd7 31.Re2 Kd6 32.f4 Rc6 33.Rc2 Bd8 34.Bd3 Rxc2 35.Bxc2 f5+ 36.Ke3 h6
37.h3 Bb6 38.Kd3 Bd8 39.Bd1 g5 40.fxg5 hxg5 41.g4 f4 42.Kc4 e5 43.dxe5+ Kxe5
44.Bf3 a5 45.b3 Bb6 46.Kd3 Bc7 47.Kc4  1/2-1/2

[Event "Pushchino Autumn 2013"]
[Site "Pushchino RUS"]
[Date "2013.11.26"]
[Round "3.2"]
[White "Romanko,M"]
[Black "Ovod,E"]
[Result "1-0"]
[WhiteElo "2399"]
[BlackElo "2378"]

1.d4 d5 2.c4 c6 3.Nc3 Nf6 4.e3 e6 5.Nf3 Nbd7 6.Bd3 Bd6 7.e4 dxe4 8.Nxe4 Nxe4
9.Bxe4 e5 10.O-O exd4 11.Bc2 c5 12.Re1+ Kf8 13.b4 b6 14.bxc5 bxc5 15.Rb1 Nf6
16.Bg5 Be6 17.Ne5 h6 18.Bh4 Bxe5 19.Rxe5 g5 20.Bg3 Nd7 21.Rxe6 fxe6 22.Qf3+ Ke7
23.Rb7 Rf8 24.Qc6 Rf7 25.Qxc5+ Ke8 26.Qd6 Qf6 27.Ba4 Rd8 28.c5 d3 29.h3 Qa1+
30.Kh2 Qxa2 31.Bb3 Qe2 32.Bxe6 d2 33.c6 Ne5 34.Bxf7+ Nxf7 35.Qf6  1-0

[Event "2nd Hyderabad GM Open 2013"]
[Site "Hyderabad IND"]
[Date "2013.11.27"]
[Round "3.6"]
[White "Arun Prasad,S"]
[Black "Siddharth,R"]
[Result "1/2-1/2"]
[WhiteElo "2529"]
[BlackElo "2372"]

1.d4 d5 2.c4 c6 3.Nf3 Nf6 4.Nc3 e6 5.e3 Nbd7 6.Qc2 b6 7.b3 Bb7 8.Bd3 Be7
9.Bb2 Rc8 10.O-O O-O 11.Rfd1 Qc7 12.Rac1 h6 13.Qe2 Rfe8 14.Ne5 dxc4 15.Nxc4 c5
16.f3 Qb8 17.dxc5 Nxc5 18.Nb5 Nxd3 19.Qxd3 Bd5 20.Ba3 Bxc4 21.bxc4 Red8 22.Qb3 Rxd1+
23.Rxd1 Bxa3 24.Nxa3 Rd8 25.Nb5 Rxd1+ 26.Qxd1 a6 27.Qd6 Qxd6 28.Nxd6 Nd7
29.Kf2 Kf8 30.Ke2 Ke7 31.Nc8+ Kd8 32.Nd6 Ke7 33.Nc8+ Kd8 34.Nd6 Ke7  1/2-1/2

[Event "5th Pilsen Open 2013"]
[Site "Plzen CZE"]
[Date "2013.11.28"]
[Round "5"]
[White "Tejkal,J"]
[Black "Zak,Jiri"]
[Result "1-0"]
[WhiteElo "1970"]
[BlackElo "1684"]

1.d4 d5 2.c4 c6 3.Nc3 Nf6 4.Nf3 e6 5.e3 Nbd7 6.Bd3 Be7 7.O-O O-O 8.b3 Re8
9.Bb2 Bd6 10.Bc2 e5 11.cxd5 e4 12.dxc6 bxc6 13.Ng5 Qc7 14.h3 Ba6 15.Re1 Bb4
16.h4 h6 17.Nh3 Qa5 18.a3 Bxc3 19.b4 Bxb4 20.axb4 Qb6 21.Ba3 Bb5 22.Nf4 Bc4
23.f3 Bd5 24.Nxd5 cxd5 25.Qe2 a6 26.Ba4 Rab8 27.Rac1 Rec8 28.fxe4 dxe4 29.Rc2 Qd6
30.Rec1 Rxc2 31.Rxc2 Qg3 32.Qf2 Qxf2+ 33.Kxf2 Nb6 34.Bb3 Nfd5 35.Bxd5 Nxd5
36.Rc4 f6 37.g4 Rb7 38.h5 Kf7 39.Rc6 Nxb4 40.Bxb4 Rxb4 41.Rxa6 Rb7 42.Kg3 g5
43.hxg6+ Kxg6 44.Re6 Rb1 45.Rxe4 Rd1 46.Re8 Kf7 47.Re4 Rd2 48.Rf4 Kg6 49.Kf3 Kf7
50.Ke4 Ke6 51.Rf1 Rg2 52.Kf3 Rd2 53.Rh1 Kf7 54.Rxh6 Kg7 55.Rh3 Ra2 56.Kf4 Ra7
57.g5 fxg5+ 58.Kxg5 Ra5+ 59.Kf4 Kg6 60.Rh1  1-0